| 000 | nam a22 a 4500 | ||
|---|---|---|---|
| 999 |
_c4471 _d4471 |
||
| 003 | AKMAL | ||
| 005 | 20170530122415.0 | ||
| 008 | 170530s2006 my e l 000 0 eng d | ||
| 020 |
_a9678904934 _qpaperback |
||
| 040 | _cAKMAL | ||
| 082 | 0 | 4 |
_a342.595044 MAL _223 |
| 090 | 0 | 0 |
_a342.595044 _bMAL |
| 110 | 1 |
_aMalaysia, _ejurisdiction governed. _9400 |
|
| 240 | 1 | 1 |
_aAkta Perwakilan Kuasa, 1956 (Akta 358). _lEnglish |
| 245 | 1 | 0 |
_aAKTA PERWAKILAN KUASA 1956 (AKTA 358) & DELEGATION OF POWERS ACT 1956 (ACT 358) : _b(HINGGA 10HB Jun 2006) / _cDisusun oleh: Lembaga Penyelidikan Undang-Undang |
| 264 |
_aPetaling Jaya, Selangor : _bInternational Law Book Services, _c2006 |
||
| 300 |
_a27 pages ; _c24 cm. |
||
| 336 |
_atext _2rdacontent |
||
| 337 |
_aunmediated _2rdamedia |
||
| 338 |
_avolume _2rdacarrier |
||
| 490 | 1 | _aUNDANG-UNDANG MALAYSIA | |
| 546 | _aParallet text in Bahasa Malaysia and English | ||
| 650 | 1 | 0 |
_aDelegation of powers _xLaw and legislation _zMalaysia _98667 |
| 710 | 2 |
_aLembaga Penyelidikan Undang-Undang, _eeditor. _98668 |
|
| 830 | 0 |
_aUndang-undang Malaysia _98669 |
|
| 942 |
_2ddc _cBOOK |
||